Mort subite - Les chansons d'Imagine Dragons - Statistiques

Statistiques générales
  • Ce quiz a été pris 884 fois
  • Le résultat moyen est 12 sur 18
Answers on the Grid
Answers color-coded by a green-red scale on the quiz's grid according to % correct below.
Bones
On Top of the World
Starfield
Radioactive
Whatever It Takes
Arcane
Natural
Take Me to the Beach
Bad Liar
Skeletons
Thunder
Eyes Closed
Broken
Wake Up
Birds
Follow You
Children Of The Sky
Nuclear
Demons
Fishes
Vamos A La Playa
Believer
Zeus
Sharks
Enemy
Open Your Eyes
Top One Of The Universe
Wrecked
 
Statistiques - réponses
Réponse % Correct
Bones
89%
Radioactive
89%
Believer
79%
Bad Liar
77%
Whatever It Takes
77%
Enemy
76%
Demons
75%
Thunder
75%
On Top of the World
73%
Natural
71%
Sharks
62%
Birds
61%
Eyes Closed
55%
Follow You
55%
Wrecked
55%
Children Of The Sky
52%
Wake Up
48%
Take Me to the Beach
45%
Aucun quiz correspondant
Distribution des résultats
% des personnes avec chaque résultat
Percentile par nombre de réponses
Votre historique - résultats
Vous n’avez pas pris ce quiz